000 00838nam a22002537a 4500
003 dpl
005 20180630172915.0
008 180522b xxu||||| |||| 00| 0 eng d
010 _aB-163403
020 _c00.00
035 _aB-163403, B-163407, B-163404
037 _bCen Lib/Ret
040 _aDPL
_bEN
_c0
082 _a954
_bREA
245 _aRealizing brand india :
_cedited by Sharif D. Rangnekar; illustrated by E P Unny
_bthe changing face of contemporary india /
260 _aNew Delhi
_bRupa & Co.
_c2005
270 _bNew Delhi
_a7/16, ansari road, dariya ganj
_e110002
300 _axxix, 188p.:
_c19cm(Hb)
_bill.
650 _aIndian industries
_925911
650 _aLiberalization
_938344
700 _aRangekar, Sharif D.
_938340
700 _aUnny, E P
_938341
942 _2ddc
_cEN
_h954
_mREA
999 _c133582
_d133582